000 00392nam a2200157Ia 4500
008 230917s9999||||xx |||||||||||||| ||und||
040 _e95901
_aMAIN
041 _aEnglish
082 _a006.37 S58I
100 _aSonka, Milan
245 0 _aImage processing, analysis and machine vision
250 _a2nd ed.
260 _aNew Delhi
_bVikas
_c1999
300 _axxiv, 770 p.
942 _cBK
999 _c112904
_d112904